000
00324pab a2200121 454500
008
180718b xxu||||| |||| 00| 0 eng d
100
_a
Marwah, Ved
245
_a
The law and the lathi - hoveving spectre of the brutal police force
650
_a
Police
650
_a
Law Enforcement
773
_a
Indian Express
909
_a
24128
999
_c
24128
_d
24128